JESUS IS KING Tracklist (Kanye West) - Statistics

General Stats
  • This quiz has been taken 209 times
  • The average score is 8 of 11
Answer Stats
Hint Answer % Correct
8 God Is
87%
3 Follow God
82%
2 Selah
81%
7 Water
79%
11 Jesus Is Lord
74%
5 On God
74%
4 Closed on Sunday
73%
10 Use This Gospel
71%
1 Every Hour
69%
6 Everything We Need
60%
9 Hands On
56%
No matching quizzes found
Score Distribution
Percent of People with Each Score
Percentile by Number Answered
Your Score History
You have not taken this quiz